000 00869nam a22003137a 4500
001 BR0204575
003 BR-BrBNA
005 20230928101151.0
007 ta
008 230509b bl.||||| |||| 00| 0 por d
040 _aBR-BrBNA
_bpor
_cBiblioteca Nacional de Agricultura
041 _a(Por)
072 _aK10
090 _ K10 BR0204575
100 1 _aSilva, J.N.M.
110 1 _aCentro de Pesquisa Agroflorestal da Amazônia Oriental, Belém, PA (Brasil)
245 1 _aManejo florestal
250 1 _a2. ed.
260 3 _aBrasília, DF (Brasil):
_bServiço de Produção de Informação,
_c1996.
300 _a46 p.
500 _a15 illus.
650 _aFLORESTA
650 _aPRÁTICA CULTURAL
650 _aSILVICULTURA
650 _aREFLORESTAMENTO
650 _aEXPLORAÇÃO FLORESTAL
909 _a202309
_bLucia
_c55
_dLucia Elande
942 _cBK
999 _c64553
_d64553